Voices in the wilderness: (Record no. 53231)

MARC details
000 -LEADER
fixed length control field 02804nam a22003257a 4500
005 - DATE AND TIME OF LATEST TRANSACTION
control field 2011080304024.0
010 ## - LCCN (DPL NO)
LC control number B-440954-961 B-441434
020 ## - INTERNATIONAL STANDARD BOOK NUMBER
International Standard Book Number 9788129116017
Terms of availability 395.00
035 ## - SYSTEM CONTROL NUMBER
System control number B-440954-961 B-441434
037 ## - SOURCE OF ACQUISITION
Source of stock number/acquisition Researchco Book Centre
082 ## - DEWEY DECIMAL CLASSIFICATION NUMBER
Classification number 591.73
245 ## - TITLE STATEMENT
Title Voices in the wilderness:
Statement of responsibility, etc edited by Prerna Singh Bindra
Remainder of title contemporary wildlife writings /
260 ## - PUBLICATION, DISTRIBUTION, ETC. (IMPRINT)
Place of publication, distribution, etc New Delhi
Name of publisher, distributor, etc Rupa
Date of publication, distribution, etc 2010
270 ## - ADDRESS
Address 7/16, Ansari Road, Daryaganj,
City New Delhi
Postal code 110002
300 2# - PHYSICAL DESCRIPTION
Extent xvi, 237p.
Dimensions 22cm (pbk)
650 ## - SUBJECT ADDED ENTRY--TOPICAL TERM
Topical term or geographic name as entry element Novel
700 ## - ADDED ENTRY--PERSONAL NAME
Personal name Bindra, Prerna Singh
9 (RLIN) 5933
942 ## - ADDED ENTRY ELEMENTS (KOHA)
Source of classification or shelving scheme Dewey Decimal Classification
Item type English Books
Call number suffix VOI
Classification part 591.73
Holdings
Withdrawn status Lost status Not for loan Collection code Home library Current library Date acquired Source of acquisition Cost, normal purchase price Full call number Barcode Copy number Cost, replacement price Koha item type
      Non-fiction Bawana Bawana 03/08/2011 Researchco Book Centre/RBC-25096/2011-12/R/20.4.11/76/4.3.11/9.6.11 395.00 591.73 VOI B-440959 1 395.00 English Books
      Non-fiction Central Library Central Library 03/08/2011 Researchco Book Centre/RBC-25096/2011-12/R/20.4.11/76/4.3.11/9.6.11 395.00 591.73 VOI B-440954 1 395.00 English Books
      Non-fiction Vinoba Puri D.B.Act.Division 03/08/2011 Researchco Book Centre/RBC-25096/2011-12/R/20.4.11/76/4.3.11/9.6.11 395.00 591.73 VOI B-440958 1 395.00 English Books
      Non-fiction Janak Puri Janak Puri 03/08/2011 Researchco Book Centre/RBC-25096/2011-12/R/20.4.11/76/4.3.11/9.6.11 395.00 591.73 VOI B-440956 1 395.00 English Books
      Non-fiction Narela Narela 03/08/2011 Researchco Book Centre/RBC-25096/2011-12/R/20.4.11/76/4.3.11/9.6.11 395.00 591.73 VOI B-440960 1 395.00 English Books
      Non-fiction Patel Nagar Patel Nagar 03/08/2011 Researchco Book Centre/RBC-25096/2011-12/R/20.4.11/76/4.3.11/9.6.11 395.00 591.73 VOI B-440955 1 395.00 English Books
      Non-fiction Sarojini Nagar Sarojini Nagar 03/08/2011 Researchco Book Centre/RBC-25096/2011-12/R/20.4.11/76/4.3.11/9.6.11 395.00 591.73 VOI B-440957 1 395.00 English Books
      Non-fiction Shahdara Branch Shahdara Branch 03/08/2011 Researchco Book Centre/RBC-25096/2011-12/R/20.4.11/76/4.3.11/9.6.11 395.00 591.73 VOI B-440961 1 395.00 English Books
      Non-fiction Yojana Vihar Yojana Vihar 03/08/2011 Allied/DE/2011/CR/0000149/27.4.11/85/24.3.11/10.6.11 395.00 591.73 VOI B-441434 1 395.00 English Books

© Delhi Public Library
Hit Counter
free hit counter